|
|
|
|
| LEADER |
00000naa2a2200000 4500 |
| 001 |
179973 |
| 005 |
20231031170621.0 |
| 035 |
|
|
|a (RuTPU)RU\TPU\book\195091
|
| 090 |
|
|
|a 179973
|
| 100 |
|
|
|a 20100504d2007 k y0rusy50 ca
|
| 101 |
0 |
|
|a rus
|
| 102 |
|
|
|a RU
|
| 200 |
1 |
|
|a Изменение физико-химических свойств флюида в процессе разработки залежи нефти пласта Ю1_1 на Первомайском месторождении Томской области
|f И. В. Бобрикова, И. Ю. Зимин
|g науч. рук. С. В. Зимина
|
| 320 |
|
|
|a Библиогр.: 1 назв.
|
| 463 |
|
0 |
|0 (RuTPU)RU\TPU\book\140171
|y 5-89503-079-3
|t Проблемы геологии и освоения недр
|o [сборник]
|o труды XI международного симпозиума имени академика М. А. Усова студентов и молодых учёных, посвященного 80-летию академика, Президента международного горного конгресса, Лауреата государственной премии СССР М. И. Щадову
|f Томский политехнический университет (ТПУ), Институт геологии и нефтегазового дела
|v С. 387-389
|d 2007
|p 764 с.
|
| 610 |
1 |
|
|a нефть
|
| 610 |
1 |
|
|a залежи
|
| 610 |
1 |
|
|a пласты
|
| 610 |
1 |
|
|a Первомайское месторождение
|
| 610 |
1 |
|
|a Томская область
|
| 610 |
1 |
|
|a флюиды
|
| 610 |
1 |
|
|a физико-химические свойства
|
| 610 |
1 |
|
|a нефтяные месторождения
|
| 610 |
1 |
|
|a труды учёных ТПУ
|
| 700 |
|
1 |
|a Бобрикова
|b И. В.
|
| 701 |
|
1 |
|a Зимин
|b И. Ю.
|
| 702 |
|
1 |
|a Зимина
|b С. В.
|4 727
|
| 801 |
|
1 |
|a RU
|b 63413507
|c 20100504
|
| 942 |
|
|
|c BK
|